| 000 | 00536nam a22001817a 4500 | ||
|---|---|---|---|
| 003 | OSt | ||
| 005 | 20260115054259.0 | ||
| 008 | 260115b |||||||| |||| 00| 0 eng d | ||
| 020 | _a1-582796327. | ||
| 040 |
_aDWCL-Main lib _cOC |
||
| 082 |
_22005 edition _aGR. 616.203 Ov96 2005 |
||
| 245 | _aOvercoming colds and flu | ||
| 260 |
_aUSA : _bTrident Reference Publishing, _cc2005. |
||
| 300 |
_a63 pages : _bcolored illustration ; _c27 cm. |
||
| 650 | _21. Cold (Diseases). | ||
| 650 | _22. Influenza. | ||
| 942 |
_2ddc _cGR _e2005 ed. _kGR. _n0 |
||
| 999 |
_c7429 _d7429 |
||